Informe de Práctica Supervisada realizado en el Archivo Central de la Mutual Cartago de Ahorro y Préstamo (MUCAP) (Registro nro. 6654)
[ vista simple ]
| 000 -LEADER | |
|---|---|
| fixed length control field | 00564nmm a22001937a 4500 |
| 005 - DATE AND TIME OF LATEST TRANSACTION | |
| control field | 20170209141637.0 |
| 008 - FIXED-LENGTH DATA ELEMENTS--GENERAL INFORMATION | |
| fixed length control field | 150727b xxu||||| |||| 00| 0 spa d |
| 041 ## - LANGUAGE CODE | |
| Language code of text/sound track or separate title | Español |
| 082 ## - DEWEY DECIMAL CLASSIFICATION NUMBER | |
| Classification number | SE 35 |
| 100 ## - MAIN ENTRY--AUTHOR NAME | |
| Personal name | Jiménez Calderón, Karol |
| 245 ## - TITLE STATEMENT | |
| Title | Informe de Práctica Supervisada realizado en el Archivo Central de la Mutual Cartago de Ahorro y Préstamo (MUCAP) |
| 260 ## - PUBLICATION, DISTRIBUTION, ETC. (IMPRINT) | |
| Year of publication | 2014 |
| 650 ## - SUBJECT ADDED ENTRY--TOPICAL TERM | |
| Topical Term | COSTA RICA |
| 650 ## - SUBJECT ADDED ENTRY--TOPICAL TERM | |
| Topical Term | ARCHIVO |
| 650 ## - SUBJECT ADDED ENTRY--TOPICAL TERM | |
| Topical Term | DOCUMENTOS |
| 650 ## - SUBJECT ADDED ENTRY--TOPICAL TERM | |
| Topical Term | DIGITALIZACION |
| 650 ## - SUBJECT ADDED ENTRY--TOPICAL TERM | |
| Topical Term | MUCAP |
| 942 ## - ADDED ENTRY ELEMENTS (KOHA) | |
| Tipo de ítem | Informe de Práctica |
| Withdrawn status | Estado | Estado físico | Not for loan | Total Checkouts | Clasificación | Número de inscripción | Date last seen | Price effective from | Tipo de ítem |
|---|---|---|---|---|---|---|---|---|---|
| SE 35 | SE35 | 15/02/2016 | 15/02/2016 | Informe de Práctica |